000 00670nam a2200193 4500
001 112116
003 ES-MaACL
005 20250728030708.0
007 t|
008 061121s1981 sp r ||||1| spa d
100 1 _aNavarro Pastor, Alberto.
_985158
245 1 0 _aHistoria de Elda /
_cAlberto Navarro Pastor.
260 _aAlicante :
_bConfederación Española de Cajas de Ahorros,
_c1981.
300 _a2 v. :
_bil ;
_c22 cm.
490 1 _aPublicaciones de la Caja de Ahorros Provincial ;
_v77
830 0 0 _aPublicaciones de la Caja de Ahorros Provincial de Alicante
_v77
_9186986
852 _aES-MaACL
_jL-2009-10
_bR.102894
999 _c112116
_d112116